| 000 | 00517nam a22001697a 4500 | ||
|---|---|---|---|
| 005 | 20251108170922.0 | ||
| 008 | 250721s1998 xx 000 0 ara d | ||
| 082 | 1 | 4 | _a629.28/أسا |
| 100 | 1 | _aالشمايلة، أسامه | |
| 245 | 1 | 0 |
_aالكامل في قواعد المرور : _bتعلم - تمهل - تدرب / |
| 264 | 1 |
_aإربد : _bمطبعة الروزنا، _c1998. |
|
| 300 | _a89ص | ||
| 650 | 1 | 7 | _aالسيارات |
| 650 | 1 | 7 | _aسائقو السيارات |
| 942 |
_2ddc _cBK |
||
| 999 |
_c52099 _d52099 |
||